Иоханнес Якович Варес, наш кандидат в депутаты Верховного Совета СССР по Пярнускому избирательному округу № 654 по выборам в Совет Союза (Запись № 8921864)

Подробности
000 -МАРКЕР
контрольное поле 01836nam0a22003011 4500
001 - ИДЕНТИФИКАТОР ЗАПИСИ
контрольное поле rc\3956727
005 - ИДЕНТИФИКАТОР ВЕРСИИ
контрольное поле 20250611035210.0
021 ## - НОМЕР ГОСУДАРСТВЕННОЙ РЕГИСТРАЦИИ
Код страны Российская Федерация
Номер [46-1590]
035 ## - ДРУГИЕ СИСТЕМНЫЕ НОМЕРА
Идентификатор записи (NLR Aleph) 008047749
100 ## - ДАННЫЕ ОБЩЕЙ ОБРАБОТКИ
Данные общей обработки 20130415d1946 |||y0rusy50 ca
101 0# - ЯЗЫК РЕСУРСА
Язык текста, звукозаписи и т.д. русский
102 ## - СТРАНА ПУБЛИКАЦИИ ИЛИ ПРОИЗВОДСТВА
Страна публикации Российская Федерация
105 ## - ПОЛЕ КОДИРОВАННЫХ ДАННЫХ: ТЕКСТОВЫЕ МАТЕРИАЛЫ, МОНОГРАФИЧЕСКИЕ
Кодированные данные о монографическом текстовом документе c z |||cb
200 1# - ЗАГЛАВИЕ И СВЕДЕНИЯ ОБ ОТВЕТСТВЕННОСТИ
Основное заглавие Иоханнес Якович Варес, наш кандидат в депутаты Верховного Совета СССР по Пярнускому избирательному округу № 654 по выборам в Совет Союза
210 ## - ПУБЛИКАЦИЯ, РАСПРОСТРАНЕНИЕ И ДР.
Место издания, распространения и т.д. Таллин
Имя издателя, распространителя и т. д. Полит. лит.]
Дата издания, распространения и т.д. [1946]
Имя изготовителя Тип. "Коммунист"
215 ## - ФИЗИЧЕСКАЯ ХАРАКТЕРИСТИКА
Специфическое обозначение материала и объем 12 с., без обл.
Другие сведения о физической характеристике портр.
Размеры 19
225 1# - СЕРИЯ
Основное заглавие серии Наши кандидаты
423 #0 - ИЗДАЕТСЯ В ОДНОЙ ОБЛОЖКЕ ВМЕСТЕ С ...
Встроенное поле 1010#$arus
-- 2001#$aЮрий Юрьевич Нут, наш кандидат в депутаты Верховного Совета СССР по Вильяндискому городскому избирательному округу № 387 по выборам в Совет Национальностей$e[Биогр. очерки
Заглавие Юрий Юрьевич Нут, наш кандидат в депутаты Верховного Совета СССР по Вильяндискому городскому избирательному округу № 387 по выборам в Совет Национальностей
606 ## - НАИМЕНОВАНИЕ ТЕМЫ КАК ПРЕДМЕТ
Наименование темы Кандидаты в депутаты Верховного Совета СССР
Хронологический подзаголовок 1946
Код системы psbo
702 #1 - ИМЯ ЛИЦА - ВТОРИЧНАЯ ОТВЕТСТВЕННОСТЬ
Начальный элемент ввода Варес
Часть имени, кроме начального элемента ввода И.Я.
Расширение инициалов личного имени Иоханнес Якович
Код отношения Прочие
702 #1 - ИМЯ ЛИЦА - ВТОРИЧНАЯ ОТВЕТСТВЕННОСТЬ
Начальный элемент ввода Нут
Часть имени, кроме начального элемента ввода Ю. Ю.
Даты 1892-1952
Расширение инициалов личного имени Юрий Юрьевич
Идентификатор авторитетной/нормативной записи RU\NLR\AUTH\770274897
Код отношения Прочие
801 #0 - ИСТОЧНИК ЗАПИСИ
Страна Российская Федерация
Организация NLR
Правила каталогизации psbo
801 #1 - ИСТОЧНИК ЗАПИСИ
Страна Российская Федерация
Организация ELAR
Источник данных rusmarc
852 ## - МЕСТОНАХОЖДЕНИЕ И ШИФР ХРАНЕНИЯ
Идентификатор организации NLR
Шифр хранения (Call Number) Ир66 Г-4/92
942 ## - ДОПОЛНИТЕЛЬНЫЕ ЭЛЕМЕНТЫ ЗАПИСИ (АБИС)
Тип экземпляра АБИС Книга
980 ## - КОЛЛЕКЦИЯ
Название коллекции Национальная библиография
Экземпляры
Тип экземпляра Дата поступления Библиотека постоянного хранения Библиотека текущего хранения Место хранения Шифр хранения Штрих-код Статус экземпляра
Книга 26.10.2013 РНБ (Садовая) РНБ (Садовая) Русский книжный фонд -Главное здание, Ленинский читальный зал Ир66 Г-4/92 8047749-10